Normal view
MARC view
Entry Topical Term
001 - CONTROL NUMBER
- control field: 21287
003 - CONTROL NUMBER IDENTIFIER
- control field: dpl
005 - DATE AND TIME OF LATEST TRANSACTION
- control field: 20100923135939.0
008 - FIXED-LENGTH DATA ELEMENTS
- fixed length control field: 100923|||a|||||| | ||| d
040 ## - CATALOGING SOURCE
- Original cataloging agency: dpl
- Transcribing agency: dpl
150 ## - HEADING--TOPICAL TERM
- Topical term or geographic name as entry element: स्वतंत्रता संग्राम
670 ## - SOURCE DATA FOUND
- Source citation: Work cat.: (dpl)36831: कन्हैया लाल 21286, उत्तर प्रदेश का 1857 का स्वतंत्रता-संग्राम /, 2009
670 ## - SOURCE DATA FOUND
- Source citation: Work cat.: (dpl)36831: कन्हैया लाल 21286, उत्तर प्रदेश का 1857 का स्वतंत्रता-संग्राम /, 2009
